LEADER 04387nam 2200649Ia 450 001 9910456654403321 005 20200520144314.0 010 $a1-280-76056-7 010 $a9786610760565 010 $a0-19-974878-0 035 $a(CKB)2430000000004740 035 $a(EBL)3053644 035 $a(OCoLC)922969942 035 $a(SSID)ssj0000298235 035 $a(PQKBManifestationID)11224210 035 $a(PQKBTitleCode)TC0000298235 035 $a(PQKBWorkID)10343232 035 $a(PQKB)10004883 035 $a(MiAaPQ)EBC3053644 035 $a(Au-PeEL)EBL3053644 035 $a(CaPaEBR)ebr10375152 035 $a(CaONFJC)MIL76056 035 $a(EXLCZ)992430000000004740 100 $a19990113d2000 uy 0 101 0 $aeng 135 $aur|n|---||||| 181 $ctxt 182 $cc 183 $acr 200 00$aHandbook of psychiatry in palliative medicine$b[electronic resource] /$fedited by Harvey Max Chochinov, William Breitbart 210 $aOxford ;$aNew York $cOxford University Press$dc2000 215 $a1 online resource (456 p.) 300 $aDescription based upon print version of record. 311 $a0-19-509299-6 320 $aIncludes bibliographical references and index. 327 $a""Contents""; ""Contributors""; ""Part I: Psychiatric Complications of Terminal Illness""; ""1 Hospice: A Psychiatric Perspective""; ""2 Care and Management of the Patient at the End of Life""; ""3 Diagnosis and Management of Depression in Palliative Care""; ""4 Suicide, Assisted Suicide, and Euthanasia in the Terminally Ill""; ""5 Anxiety in Palliative Care""; ""6 Delirium in the Terminally Ill""; ""7 Palliative Care in the Chronically Mentally Ill""; ""Part II: Symptom Management""; ""8 Physical Symptom Management in the Terminally Ill: An Overview for Mental Health Professionals"" 327 $a""9 Psychiatric Aspects of Pain Management in Patients with Advanced Cancer and AIDS""""10 Psychiatric Management of Eating Disorders in Palliative-Care Management of Cancer Patients""; ""11 Psychiatric Aspects of Fatigue in the Terminally Ill""; ""Part III: Psychotherapeutic Intervention and Palliative Care""; ""12 Individual Psychotherapy for the Patient with Advanced Disease""; ""13 Existential Psychotherapy in Palliative Care""; ""14 The Supportive Relationship, the Psychodynamic Life Narrative, and the Dying Patient"" 327 $a""15 A Cognitive-Behavioral Approach to Symptom Management in Palliative Care: Augmenting Somatic Interventions""""16 Group Psychotherapy and the Terminally Ill""; ""Part IV: Pediatric Palliative Care""; ""17 Psychiatric Care of the Terminally Ill Child ""; ""18 Psychotherapy with the Dying Child""; ""Part V: Family and Staff Issues""; ""19 Family Issues and Palliative Care""; ""20 Communication with Terminally Ill Patients and Their Relatives""; ""21 Burnout and Symptoms of Stress in Staff Working in Palliative Care""; ""22 Understanding and Managing Bereavement in Palliative Care"" 327 $a""Part VI: Ethical and Spiritual Issues""""23 Ethical Issues in Palliative Care""; ""24 Addressing the Needs of the Patient Who Requests Physician-Assisted Suicide or Euthanasia""; ""25 Spiritual Care of the Dying Patient""; ""26 The Treatment of Suffering in Patients with Advanced Cancer""; ""Part VII: Research Issues""; ""27 Quality Assurance and Audit in Palliative Care""; ""28 New Directives for Psychosocial Research in Palliative Medicine""; ""Index""; ""A""; ""B""; ""C""; ""D""; ""E""; ""F""; ""G""; ""H""; ""I""; ""J""; ""K""; ""L""; ""M""; ""N""; ""O""; ""P""; ""Q""; ""R""; ""S"" 327 $a""T""""U""; ""V""; ""W""; ""X""; ""Y""; ""Z"" 606 $aPalliative treatment$xPsychological aspects 606 $aTerminal care$xPsychological aspects 606 $aCritically ill$xMedical care$xPsychological aspects 608 $aElectronic books. 615 0$aPalliative treatment$xPsychological aspects. 615 0$aTerminal care$xPsychological aspects. 615 0$aCritically ill$xMedical care$xPsychological aspects. 676 $a362.1/75 701 $aChochinov$b Harvey Max$0968134 701 $aBreitbart$b William$f1951-$0865124 801 0$bMiAaPQ 801 1$bMiAaPQ 801 2$bMiAaPQ 906 $aBOOK 912 $a9910456654403321 996 $aHandbook of psychiatry in palliative medicine$92198749 997 $aUNINA LEADER 03391nam 2200721 450 001 9910461235203321 005 20200520144314.0 010 $a1-283-20019-8 010 $a9786613200198 010 $a0-567-51248-7 035 $a(CKB)2670000000107242 035 $a(EBL)743253 035 $a(OCoLC)741691730 035 $a(SSID)ssj0000524392 035 $a(PQKBManifestationID)11359030 035 $a(PQKBTitleCode)TC0000524392 035 $a(PQKBWorkID)10546183 035 $a(PQKB)11339024 035 $a(MiAaPQ)EBC743253 035 $a(Au-PeEL)EBL743253 035 $a(CaPaEBR)ebr10866922 035 $a(CaONFJC)MIL320019 035 $a(OCoLC)893335841 035 $a(EXLCZ)992670000000107242 100 $a19941206h19941994 uy| 0 101 0 $aeng 135 $aur|n|---||||| 181 $ctxt 182 $cc 183 $acr 200 10$aNeglected endings $ethe significance of the Pauline letter closings /$fJeffrey A.D. Weima 210 1$aSheffield, England :$cJSOT Press,$d[1994] 210 4$dİ1994 215 $a1 online resource (273 p.) 225 1 $aJournal for the study of the New Testament. Supplement series ;$v101 225 1 $aLibrary of New Testament studies 300 $aOriginally presented as the author's thesis (doctoral). 311 $a1-85075-488-8 320 $aIncludes bibliographical references (pages [240]-258) and indexes. 327 $aCover; Editorial Board; Title; Copyright; CONTENTS; Acknowledgments; List of Tables; Abbreviations; Chapter 1 INTRODUCTION; Chapter 2 CLOSING CONVENTIONS IN ANCIENT HELLENISTIC LETTERS; Chapter 3 CLOSING CONVENTIONS IN ANCIENT SEMITIC LETTERS; Chapter 4 CLOSING CONVENTIONS IN THE PAULINE LETTERS: FORMS AND VARIATIONS; Chapter 5 CLOSING CONVENTIONS IN THE PAULINE LETTERS: HERMENEUTICAL SIGNIFICANCES; Conclusion; Bibliography; Index of References; Index of Authors 330 $aBiblical commentaries generally treat the Pauline letter closings in a cursory manner and are typically at a loss to explain how a particular closing section relates in any meaningful way to the rest of the letter. In this ground-breaking study the author aims to rectify the imbalance that exists in the epistolary analysis of Paul's letters by providing a comprehensive, detailed study of his letter closings. By first surveying the history of epistolary analysis and examining the conventions used in ancient Hellenistic and Semitic letters, the author's examination of the Pauline epistles reveal 410 0$aLibrary of New Testament studies. 410 0$aJournal for the study of the New Testament.$pSupplement series ;$v101. 606 $aGreek letters$xHistory and criticism 606 $aHebrew letters$xHistory and criticism 606 $aLetter writing, Greek 606 $aLetter writing, Hebrew 606 $aClosure (Rhetoric) in the Bible 608 $aElectronic books. 615 0$aGreek letters$xHistory and criticism. 615 0$aHebrew letters$xHistory and criticism. 615 0$aLetter writing, Greek. 615 0$aLetter writing, Hebrew. 615 0$aClosure (Rhetoric) in the Bible. 676 $a227/.066 700 $aWeima$b Jeffrey A. D.$0982514 801 0$bMiAaPQ 801 1$bMiAaPQ 801 2$bMiAaPQ 906 $aBOOK 912 $a9910461235203321 996 $aNeglected endings$92242384 997 $aUNINA LEADER 01380nam 2200397 450 001 9910793072703321 005 20200520144314.0 010 $a1-4232-2319-5 035 $a(CKB)3710000001404104 035 $a(MiAaPQ)EBC4876982 035 $a(Au-PeEL)EBL4876982 035 $a(CaPaEBR)ebr11397683 035 $a(OCoLC)990679231 035 $a(BIP)049780253 035 $a(EXLCZ)993710000001404104 100 $a20190122d2014 uy 0 101 0 $aeng 135 $aurcnu|||||||| 181 $ctxt$2rdacontent 182 $cc$2rdamedia 183 $acr$2rdacarrier 200 00$aCommon core $elanguage arts 9th-10th grade 210 1$a[Place of publication not identified] :$cBarCharts, Inc.,$d2014. 215 $a1 online resource (6 pages) 311 $a1-4232-2277-6 330 8 $aA must-have for any teacher transitioning to the Common Core State Standards to ensure their lesson plans meet the new standard's requirements. Use this handy guide for correlating existing lesson plans to the new standards, for new lesson plans, or as a quick reference for training or workshops. 606 $aLanguage arts (Secondary) 615 0$aLanguage arts (Secondary) 676 $a428.00712 801 0$bMiAaPQ 801 1$bMiAaPQ 801 2$bMiAaPQ 906 $aBOOK 912 $a9910793072703321 996 $aCommon core$93692929 997 $aUNINA